Occurrence and development of ground water in the Linn-Faysville area, Hidalgo County, Texas (Record no. 28441)

MARC details
000 -LEADER
fixed length control field 01021cam a22002651 4500
001 - CONTROL NUMBER
control field gs 50000061
003 - CONTROL NUMBER IDENTIFIER
control field DLC
005 - DATE AND TIME OF LATEST TRANSACTION
control field 20260227111356.0
008 - FIXED-LENGTH DATA ELEMENTS--GENERAL INFORMATION
fixed length control field 761116s1949 txu 000 0 eng
010 ## - LIBRARY OF CONGRESS CONTROL NUMBER
LC control number gs 50000061
035 ## - SYSTEM CONTROL NUMBER
System control number (OCoLC)2560600
040 ## - CATALOGING SOURCE
Original cataloging agency DLC
Transcribing agency Tx
Modifying agency OCoLC
-- DLC
042 ## - AUTHENTICATION CODE
Authentication code premarc
050 00 - LIBRARY OF CONGRESS CALL NUMBER
Classification number GB1025.T4
Item number A5 1949a
082 ## - DEWEY DECIMAL CLASSIFICATION NUMBER
Classification number 551.49
110 2# - MAIN ENTRY--CORPORATE NAME
Corporate name or jurisdiction name as entry element Texas Water Commission.
245 10 - TITLE STATEMENT
Title Occurrence and development of ground water in the Linn-Faysville area, Hidalgo County, Texas
Statement of responsibility, etc. [by C. R. Follett, W. N. White, and Burdge Irelan] Prepared in cooperation between the U. S. Geological Survey, U. S. Bureau of Reclamation, and Texas State Board of Water Engineers.
260 ## - PUBLICATION, DISTRIBUTION, ETC.
Place of publication, distribution, etc. [Austin?]
Date of publication, distribution, etc. 1949.
300 ## - PHYSICAL DESCRIPTION
Extent 43 l.
Other physical details map.
Dimensions 28 cm.
500 ## - GENERAL NOTE
General note Cover title.
500 ## - GENERAL NOTE
General note U.S. Geological Survey. Library for Library of Congress.
650 #0 - SUBJECT ADDED ENTRY--TOPICAL TERM
Topical term or geographic name entry element Groundwater
Geographic subdivision Texas
-- Hidalgo County.
650 #0 - SUBJECT ADDED ENTRY--TOPICAL TERM
Topical term or geographic name entry element Water-supply
Geographic subdivision Texas
-- Hidalgo County.
700 1# - ADDED ENTRY--PERSONAL NAME
Personal name Follett, C. R.
Fuller form of name (Clarence R.),
Dates associated with a name 1904-

No items available.

Powered by Koha